[Event "Senior DM 2012"]
[Site "Randers"]
[Date "2012.02.11"]
[Round "1"]
[White "Sorensen, Bent"]
[Black "Andersen, Carl Johan"]
[Result "1/2-1/2"]
[WhiteElo "2299"]
[BlackElo "1883"]
[PlyCount "122"]
[EventDate "2012.??.??"]

1. Nf3 Nf6 2. g3 g6 3. b3 Bg7 4. Bb2 O-O 5. Bg2 c5 6. c4 Nc6 7. O-O d6 8. d4
cxd4 9. Nxd4 Bd7 10. Nc3 Nxd4 11. Qxd4 Bc6 12. Rfd1 Qa5 13. Nd5 Bxd5 14. Bxd5
Nh5 15. Qd2 Qxd2 16. Rxd2 Bxb2 17. Rxb2 Rab8 18. Rc1 Nf6 19. Bf3 Nd7 20. Rd2
Ne5 21. Bg2 Rfc8 22. f4 Nc6 23. c5 dxc5 24. Rxc5 Rd8 25. Rxd8+ Rxd8 26. Kf2 Rd2
27. Bxc6 bxc6 28. Ra5 Rd7 29. Ra6 Rc7 30. Ke3 Kf8 31. Kd4 Ke8 32. Kc5 Kd7 33.
g4 h5 34. gxh5 gxh5 35. Ra5 f5 36. b4 Rb7 37. Ra3 e5 38. Rd3+ Kc7 39. a4 exf4
40. Rd4 a5 41. b5 cxb5 42. axb5 Rb6 43. Rxf4 Re6 44. Rxf5 a4 45. b6+ Kb7 46.
Rf7+ Kb8 47. Kb5 a3 48. Ka6 Rc6 49. Rf1 a2 50. h4 Rc4 51. Ra1 Rc2 52. e4 Re2
53. e5 Rxe5 54. Rxa2 Re4 55. Rh2 Rb4 56. Ka5 Re4 57. Kb5 Re5+ 58. Kc6 Re6+ 59.
Kd5 Rxb6 60. Ke5 Kc7 61. Kf5 Kd7 1/2-1/2

[Event "Senior DM 2012"]
[Site "Randers"]
[Date "2012.02.11"]
[Round "1"]
[White "Nielsen, Carl Evald"]
[Black "Jorgensen, Jorgen (1945)"]
[Result "0-1"]
[WhiteElo "1775"]
[BlackElo "2182"]
[PlyCount "112"]
[EventDate "2012.??.??"]

1. e4 c6 2. d4 g6 3. Nf3 Bg7 4. Be2 d6 5. O-O Nf6 6. Nc3 O-O 7. Bg5 h6 8. Bh4
Qc7 9. Qd2 Nbd7 10. Kh1 b5 11. Bd3 Bb7 12. Rae1 e5 13. Ne2 a6 14. c3 Rfe8 15.
Neg1 Nh5 16. Bg3 Nxg3+ 17. hxg3 Rad8 18. Bb1 exd4 19. cxd4 c5 20. d5 a5 21. Ne2
Ba6 22. Rc1 Qb6 23. Rfe1 Nf6 24. Nc3 Ng4 25. Nh2 Nxh2 26. Kxh2 c4 27. f4 b4 28.
Nd1 Rc8 29. Qe3 Bd4 30. Qf3 Qd8 31. Qe2 Qb6 32. Qd2 Kg7 33. g4 Bf6 34. Qe3 Qxe3
35. Rxe3 Rc5 36. Nf2 Rxd5 37. exd5 Rxe3 38. Ne4 Bxb2 39. Rd1 c3 40. Nxd6 Re2
41. Ne4 c2 42. Bxc2 Rxc2 43. d6 Rc8 44. d7 Rd8 45. Nc5 Bb5 46. f5 gxf5 47. gxf5
Bf6 48. Rd5 Rb8 49. Ne4 Bc6 50. Nxf6 Bxd5 51. Nxd5 Rd8 52. f6+ Kg6 53. Nb6 Kxf6
54. Kg3 Ke7 55. Nc4 a4 56. Nb6 b3 0-1

[Event "Senior DM 2012"]
[Site "Randers"]
[Date "2012.02.11"]
[Round "1"]
[White "Grabow, Pouelsten Holm"]
[Black "Larsen, Arne Walther"]
[Result "1/2-1/2"]
[WhiteElo "2142"]
[BlackElo "1763"]
[PlyCount "51"]
[EventDate "2012.??.??"]

1. d4 Nf6 2. c4 g6 3. g3 Bg7 4. Bg2 O-O 5. Nf3 d6 6. O-O Nc6 7. b3 e5 8. Bb2 e4
9. Ng5 Bf5 10. Nc3 Re8 11. d5 Na5 12. Qd2 b6 13. g4 Nxg4 14. Ngxe4 Bxe4 15.
Nxe4 Bxb2 16. Qxb2 Rxe4 17. f3 Qh4 18. h3 Qg3 19. fxg4 Qe5 20. Qxe5 Rxe5 21.
Bf3 Rae8 22. Kf2 Re3 23. Rfc1 Nb7 24. b4 Kg7 25. Rc2 Ra3 26. Rd1 1/2-1/2

[Event "Senior DM 2012"]
[Site "Randers"]
[Date "2012.02.11"]
[Round "1"]
[White "Larsen, Henning"]
[Black "Christiansen, Jens Jorgen"]
[Result "1/2-1/2"]
[WhiteElo "1745"]
[BlackElo "2086"]
[PlyCount "88"]
[EventDate "2012.??.??"]

1. e4 Nf6 2. e5 Nd5 3. d4 d6 4. c4 Nb6 5. f4 dxe5 6. c5 Nd5 7. fxe5 Bf5 8. Bd3
Bxd3 9. Qxd3 e6 10. Nf3 Nc6 11. a3 Be7 12. Nbd2 Nf4 13. Qe4 Nxg2+ 14. Kf1 Nh4
15. Nxh4 Bxh4 16. Nf3 Be7 17. Rg1 g6 18. Be3 Qd5 19. Qxd5 exd5 20. b4 a6 21.
Rg2 O-O 22. Ke2 Nd8 23. h4 h5 24. Rag1 Ne6 25. Bh6 Rfe8 26. Kd2 b5 27. Kc3 a5
28. Kb3 axb4 29. axb4 c6 30. Rf1 Ra7 31. Ra2 Rxa2 32. Kxa2 Ra8+ 33. Kb2 Ra4 34.
Kb3 Ra7 35. Kb2 Kh7 36. Be3 Ng7 37. Bg5 Bf8 38. Bd8 Ne6 39. Ng5+ Nxg5 40. Bxg5
Bh6 41. Bxh6 Kxh6 42. Rf6 Rc7 43. Kc2 Kg7 44. Kd3 Rc8 1/2-1/2

[Event "Senior DM 2012"]
[Site "Randers"]
[Date "2012.02.11"]
[Round "1"]
[White "Madsen, Svend Aage"]
[Black "Nielsen, Peter"]
[Result "1-0"]
[WhiteElo "2082"]
[BlackElo "1693"]
[PlyCount "73"]
[EventDate "2012.??.??"]

1. e4 c5 2. Nf3 Nc6 3. Bb5 Qb6 4. Nc3 e6 5. O-O Nge7 6. Re1 Ng6 7. d3 Qc7 8. d4
cxd4 9. Nxd4 a6 10. Bf1 b5 11. a3 Be7 12. Be3 O-O 13. g3 Bb7 14. f4 b4 15. Nxc6
Bxc6 16. axb4 Bxb4 17. Qd4 a5 18. Red1 e5 19. fxe5 Nxe5 20. Be2 d6 21. Rdc1 f5
22. Nd5 Bxd5 23. Qxd5+ Qf7 24. c3 Qxd5 25. exd5 Bc5 26. Bxc5 dxc5 27. Bb5 f4
28. gxf4 Rxf4 29. Rf1 Rxf1+ 30. Rxf1 c4 31. Rf5 Nd3 32. b3 cxb3 33. Bxd3 a4 34.
d6 a3 35. Bc4+ Kh8 36. Bxb3 a2 37. Bxa2 1-0

[Event "Senior DM 2012"]
[Site "Randers"]
[Date "2012.02.11"]
[Round "1"]
[White "Andersen, Vagn Skov"]
[Black "Hvenekilde, Jorgen"]
[Result "0-1"]
[WhiteElo "1572"]
[BlackElo "2029"]
[PlyCount "36"]
[EventDate "2012.??.??"]

1. c4 d6 2. d4 g6 3. Nc3 Bg7 4. e4 a6 5. f3 Nd7 6. Be3 c6 7. Nge2 b5 8. c5 Ngf6
9. cxd6 exd6 10. a3 O-O 11. Ng3 Re8 12. Qd2 Qe7 13. Bd3 Bb7 14. O-O c5 15. dxc5
dxc5 16. Bc2 Ne5 17. Nd5 Bxd5 18. exd5 Nc4 0-1

[Event "Senior DM 2012"]
[Site "Randers"]
[Date "2012.02.11"]
[Round "1"]
[White "Davidsen, Niels Chr"]
[Black "Andersson, Finn"]
[Result "0-1"]
[WhiteElo "2005"]
[BlackElo "1522"]
[PlyCount "116"]
[EventDate "2012.??.??"]

1. f4 c5 2. Nf3 Nc6 3. b3 Nf6 4. Bb2 d5 5. e3 e6 6. Bb5 Be7 7. O-O O-O 8. Bxc6
bxc6 9. Ne5 Qb6 10. c4 Ne4 11. d3 Nd6 12. Qf3 f6 13. Ng4 dxc4 14. dxc4 Nxc4 15.
Bc3 Nd6 16. Nd2 Ba6 17. Rfe1 Rad8 18. Rac1 Rd7 19. Qh3 Qd8 20. Qf3 Nb5 21. Nc4
Nxc3 22. Rxc3 Bxc4 23. Rxc4 Rd5 24. Rec1 Qa5 25. Ra4 Qd2 26. Rf1 a5 27. Nf2 Ra8
28. g4 Qc2 29. Re4 Rd6 30. Ra4 Rd2 31. Qxc6 Rad8 32. Qxe6+ Kf8 33. Rxa5 R2d6
34. Qe4 Qc3 35. Ra4 g6 36. Rc4 Qb2 37. Rc2 Qa3 38. Qc4 Rd2 39. Ne4 Rxc2 40.
Qxc2 Ra8 41. Rf2 Rc8 42. Nd2 Qb4 43. Nc4 Rd8 44. Rf1 Qb7 45. h4 Qd7 46. f5 Kg7
47. Qe4 Qc7 48. Kg2 Rd7 49. Qe6 Qd8 50. Rf2 Rd1 51. fxg6 hxg6 52. Qe4 Qd7 53.
Qf3 Bd8 54. h5 gxh5 55. gxh5 Rd5 56. Rf1 Rg5+ 57. Kf2 Rf5 58. Rg1+ Kh8 0-1

[Event "Senior DM 2012"]
[Site "Randers"]
[Date "2012.02.11"]
[Round "1"]
[White "Ottesen, Soren Ruud"]
[Black "Nielsen, Poul Erik (1948)"]
[Result "0-1"]
[WhiteElo "1518"]
[BlackElo "1987"]
[PlyCount "94"]
[EventDate "2012.??.??"]

1. e4 b6 2. d4 Bb7 3. Bd3 g6 4. Be3 Bg7 5. Qd2 c5 6. c3 Nf6 7. f3 d6 8. Bb5+
Nfd7 9. Ne2 a6 10. Bxd7+ Nxd7 11. Na3 O-O 12. Bh6 e6 13. Bxg7 Kxg7 14. Qf4 cxd4
15. cxd4 e5 16. Qd2 d5 17. exd5 exd4 18. Qxd4+ Qf6 19. Qxf6+ Nxf6 20. d6 b5 21.
Rd1 Rfe8 22. Kf2 Rad8 23. Rd2 Nd5 24. Rhd1 Rxd6 25. Nf4 Red8 26. Nc2 R6d7 27.
Nb4 Nc3 28. Rxd7 Nxd1+ 29. Rxd1 Rxd1 30. Ke2 Rd6 31. Nbd3 f6 32. Nc5 Bc8 33.
Ne4 Rc6 34. Kd2 Bf5 35. Nd3 Bxe4 36. fxe4 Rc4 37. Nf2 Kf7 38. b3 Rc8 39. Nd3 a5
40. e5 f5 41. a3 Ke6 42. b4 axb4 43. axb4 Kd5 44. h3 Ke4 45. e6 Rd8 46. e7 Re8
47. Nc5+ Kd5 0-1

[Event "Senior DM 2012"]
[Site "Randers"]
[Date "2012.02.11"]
[Round "1"]
[White "Sorensen, Jorn Bach"]
[Black "Haugaard, Thomas"]
[Result "1-0"]
[WhiteElo "1980"]
[BlackElo "1456"]
[PlyCount "55"]
[EventDate "2012.??.??"]

1. c4 c5 2. g3 g6 3. Bg2 Bg7 4. Nc3 Nc6 5. e3 d6 6. Nge2 Nf6 7. O-O O-O 8. d4
Nd7 9. b3 e6 10. Bb2 a6 11. Qd2 Rb8 12. Rfd1 Qc7 13. d5 Nd8 14. dxe6 Nxe6 15.
Qxd6 Rd8 16. Qxc7 Nxc7 17. Rab1 Ne6 18. Nd5 Bxb2 19. Rxb2 Kf8 20. Rbd2 Ke8 21.
Nef4 b5 22. Nxe6 fxe6 23. Nf6+ Ke7 24. Nxh7 Bb7 25. cxb5 Bxg2 26. Kxg2 axb5 27.
Ng5 Rb7 28. Rd6 1-0

[Event "Senior DM 2012"]
[Site "Randers"]
[Date "2012.02.11"]
[Round "1"]
[White "Thorsen, Evald"]
[Black "Preuss, Flemming"]
[Result "0-1"]
[WhiteElo "1254"]
[BlackElo "1947"]
[PlyCount "84"]
[EventDate "2012.??.??"]

1. e4 c5 2. Nf3 Nc6 3. Nc3 g6 4. Bc4 Bg7 5. d3 d6 6. Ne2 Nf6 7. Rb1 O-O 8. Be3
Ng4 9. Bd2 a6 10. O-O Nge5 11. Nxe5 Nxe5 12. Bb3 b5 13. a3 a5 14. Ba2 Qc7 15.
b3 b4 16. a4 e6 17. Qc1 d5 18. exd5 exd5 19. Bh6 d4 20. Bxg7 Kxg7 21. Ng3 f5
22. Qf4 Bb7 23. Kh1 Rae8 24. Rbe1 Qc6 25. f3 Nf7 26. Kg1 Qd6 27. Qxd6 Nxd6 28.
Kf2 Kf6 29. Re2 Rxe2+ 30. Nxe2 Re8 31. Re1 g5 32. h3 f4 33. Kf1 Nf5 34. Kf2 h5
35. Ng1 Rxe1 36. Kxe1 Ne3 37. Kf2 Nd1+ 38. Ke2 Nc3+ 39. Kd2 Nxa2 40. Ne2 Nc3
41. Nxc3 bxc3+ 42. Ke2 Ke5 0-1

[Event "Senior DM 2012"]
[Site "Randers"]
[Date "2012.02.11"]
[Round "1"]
[White "Jensen, Ruben"]
[Black "Oe, Oluf"]
[Result "0-1"]
[WhiteElo "1067"]
[BlackElo "1902"]
[PlyCount "68"]
[EventDate "2012.??.??"]

1. e4 c5 2. Nf3 Nc6 3. Bc4 e6 4. d3 Be7 5. O-O Nf6 6. Nc3 O-O 7. Re1 d5 8. Bb3
d4 9. Ne2 e5 10. Ng3 Qc7 11. h3 Na5 12. Bd2 Nxb3 13. cxb3 b6 14. Bg5 h6 15.
Bxf6 Bxf6 16. Nh5 Be7 17. Rc1 Qd6 18. Nd2 Qg6 19. Nc4 Qg5 20. Rf1 Bxh3 21. Ng3
Bg4 22. Qc2 h5 23. f4 exf4 24. Ne2 f3 25. Ng3 g6 26. a4 h4 27. Qf2 fxg2 28.
Rfe1 hxg3 29. Qxg2 Be6 30. Nd2 Bd6 31. Nf3 Qh5 32. e5 Bd5 33. exd6 Qxf3 34. Qh3
Qf2# 0-1

[Event "Senior DM 2012"]
[Site "Randers"]
[Date "2012.02.12"]
[Round "2"]
[White "Jorgensen, Jorgen (1945)"]
[Black "Sorensen, Jorn Bach"]
[Result "1/2-1/2"]
[WhiteElo "2182"]
[BlackElo "1980"]
[PlyCount "83"]
[EventDate "2012.??.??"]

1. Nf3 d5 2. g3 Nf6 3. Bg2 Bg4 4. c4 c6 5. cxd5 cxd5 6. Qb3 Qb6 7. Qxb6 axb6 8.
Nc3 Nc6 9. Nb5 Ra5 10. a4 Bxf3 11. Bxf3 Nb4 12. O-O e6 13. b3 Be7 14. Bb2 O-O
15. Rac1 Nc6 16. d3 Raa8 17. e3 Rfc8 18. Bc3 Nd7 19. Be2 Nc5 20. Rb1 Na6 21.
Rfc1 Nab4 22. Rb2 Bf6 23. Bxf6 gxf6 24. d4 Kf8 25. Kf1 Ke7 26. Ke1 Kd7 27. Kd2
Na5 28. Rxc8 Rxc8 29. Nc3 f5 30. Bd1 Nac6 31. Rb1 Na5 32. Rc1 Nac6 33. Ne2 Na2
34. Rc2 Nab4 35. Rb2 Na5 36. Nf4 Kd6 37. Rb1 Nac6 38. Rb2 Na5 39. Nd3 Nac6 40.
Nc1 Na5 41. Ne2 Nac6 42. Nc3 1/2-1/2

[Event "Senior DM 2012"]
[Site "Randers"]
[Date "2012.02.12"]
[Round "2"]
[White "Preuss, Flemming"]
[Black "Madsen, Svend Aage"]
[Result "0-1"]
[WhiteElo "1947"]
[BlackElo "2082"]
[PlyCount "93"]
[EventDate "2012.??.??"]

1. f4 Nf6 2. b3 g6 3. Bb2 Bg7 4. Nf3 O-O 5. e3 d6 6. Be2 Nc6 7. O-O e5 8. fxe5
Ng4 9. Nc3 Ngxe5 10. Rb1 d5 11. Nb5 a6 12. Nbd4 Nxd4 13. Nxd4 c5 14. Nf3 Nc6
15. Bxg7 Kxg7 16. Qc1 Qe7 17. Qb2+ Kg8 18. Rbe1 Bf5 19. a3 Rad8 20. c3 Be4 21.
b4 Bxf3 22. Bxf3 Ne5 23. Be2 Nc4 24. Qa2 b5 25. Rf2 f5 26. Ref1 Kg7 27. h3 Nd6
28. Re1 Ne4 29. Rf3 Qh4 30. Ref1 c4 31. Rf4 Qe7 32. Qb2 Qe5 33. Re1 Rf6 34.
Rff1 g5 35. Ra1 Rh6 36. Bf3 g4 37. Bxe4 dxe4 38. Rf4 gxh3 39. gxh3 Rxh3 40.
Raf1 Rd6 41. R1f2 Rg6+ 42. Rg2 Qf6 43. Qc1 Rf3 44. Qe1 Rxg2+ 45. Kxg2 Qg5+ 46.
Kh2 Qh5+ 47. Kg1 0-1

[Event "Senior DM 2012"]
[Site "Randers"]
[Date "2012.02.12"]
[Round "2"]
[White "Hvenekilde, Jorgen"]
[Black "Jacobsen, Erik Holm"]
[Result "1-0"]
[WhiteElo "2029"]
[BlackElo "1931"]
[PlyCount "79"]
[EventDate "2012.??.??"]

1. d4 Nf6 2. c4 g6 3. Nc3 Bg7 4. e4 d6 5. Be2 O-O 6. Be3 Nbd7 7. g4 e5 8. g5
Ne8 9. d5 a5 10. h4 Nc5 11. Nf3 f5 12. gxf6 Bxf6 13. h5 gxh5 14. Rxh5 Bg4 15.
Rh2 Ng7 16. Kd2 Qe8 17. Qh1 Bh5 18. Rg1 Bg6 19. Ne1 Na4 20. Rxg6 Nxc3 21. Rxg7+
Bxg7 22. Kxc3 Qa4 23. Bg4 Qb4+ 24. Kd3 Rf6 25. b3 b5 26. Nc2 bxc4+ 27. bxc4 Qa4
28. Be6+ Rxe6 29. dxe6 Qe8 30. Rg2 Kh8 31. Bh6 Bf6 32. Qh3 c6 33. Ne3 Ra7 34.
Qf5 Qe7 35. Ng4 Bg7 36. Bxg7+ Qxg7 37. Qf6 h5 38. Qd8+ Qg8 39. e7 Ra8 40. Qxa8
1-0

[Event "Senior DM 2012"]
[Site "Randers"]
[Date "2012.02.12"]
[Round "2"]
[White "Nielsen, Poul Erik (1948)"]
[Black "Oe, Oluf"]
[Result "1-0"]
[WhiteElo "1987"]
[BlackElo "1902"]
[PlyCount "105"]
[EventDate "2012.??.??"]

1. d4 d5 2. Nf3 Nf6 3. c4 e6 4. Nc3 c6 5. Qd3 Nbd7 6. g3 Bb4 7. Bg2 dxc4 8.
Qxc4 Nd5 9. O-O N7b6 10. Qb3 Be7 11. e4 Nf6 12. Rd1 O-O 13. Be3 Ng4 14. Bf4 g5
15. Bc1 f5 16. h3 Nh6 17. h4 fxe4 18. Nxg5 Nd5 19. Ncxe4 Nf5 20. Nc5 Rf6 21.
Nxb7 Qc7 22. Nc5 Rb8 23. Qc2 Rb4 24. a3 Rb5 25. Ncxe6 Bxe6 26. Nxe6 Qd7 27. Ng5
Rg6 28. Be4 Rf6 29. Bxf5 Rxf5 30. Qe4 Bxg5 31. hxg5 Qf7 32. Rf1 Rb3 33. Qe2
Rff3 34. Kg2 Qf5 35. Qe8+ Kg7 36. Qe5+ Qxe5 37. dxe5 Kf7 38. Rh1 Kg7 39. Rh6
Ne7 40. Rf6 Rfd3 41. e6 Nd5 42. Rf7+ Kg6 43. Bf4 Rxb2 44. Rh1 Nxf4+ 45. gxf4 h5
46. Rf6+ Kg7 47. Rxh5 Rdd2 48. Rf7+ Kg8 49. Rhh7 Rxf2+ 50. Kg3 Rg2+ 51. Kf3
Rgf2+ 52. Kg4 Rb8 53. Rfg7+ 1-0

[Event "Senior DM 2012"]
[Site "Randers"]
[Date "2012.02.12"]
[Round "2"]
[White "Andersson, Finn"]
[Black "Sorensen, Bent"]
[Result "0-1"]
[WhiteElo "1522"]
[BlackElo "2299"]
[PlyCount "70"]
[EventDate "2012.??.??"]

1. e4 d5 2. exd5 Qxd5 3. Qf3 Nf6 4. Nc3 Qe5+ 5. Qe3 Nc6 6. Qxe5 Nxe5 7. Nb5 Kd8
8. Be2 a6 9. Nc3 c5 10. Nf3 Nc6 11. O-O b5 12. Ng5 Ke8 13. Nge4 Nd4 14. Nxf6+
gxf6 15. Bd1 Bb7 16. Ne2 Rg8 17. Ng3 f5 18. Re1 f4 19. Ne4 Rg6 20. c3 Nf5 21.
Bf3 Kd8 22. Ng5 Bxf3 23. Nxf3 Ke8 24. Re4 e6 25. Rxf4 Bh6 26. Re4 Rd8 27. d4
Bg7 28. dxc5 Nh4 29. Kf1 Nxf3 30. gxf3 Rd1+ 31. Ke2 Rgg1 32. f4 Rxc1 33. Rxc1
Rxc1 34. Kd2 Rb1 35. Rb4 Bf8 0-1

[Event "Senior DM 2012"]
[Site "Randers"]
[Date "2012.02.12"]
[Round "2"]
[White "Christiansen, Jens Jorgen"]
[Black "Grabow, Pouelsten Holm"]
[Result "1/2-1/2"]
[WhiteElo "2086"]
[BlackElo "2142"]
[PlyCount "30"]
[EventDate "2012.??.??"]

1. d4 d5 2. c4 c6 3. Nf3 Nf6 4. e3 e6 5. Nc3 a6 6. Qc2 Nbd7 7. b3 Bd6 8. Be2
Qe7 9. Bb2 O-O 10. O-O b6 11. e4 dxe4 12. Nxe4 Nxe4 13. Qxe4 Bb7 14. Rad1 Rfd8
15. Qe3 Ba3 1/2-1/2

[Event "Senior DM 2012"]
[Site "Randers"]
[Date "2012.02.12"]
[Round "2"]
[White "Andersen, Carl Johan"]
[Black "Larsen, Henning"]
[Result "1-0"]
[WhiteElo "1883"]
[BlackElo "1745"]
[PlyCount "127"]
[EventDate "2012.??.??"]

1. Nf3 c5 2. e4 d6 3. Bb5+ Bd7 4. a4 Nc6 5. O-O Nf6 6. Re1 e6 7. c3 Be7 8. d4
cxd4 9. cxd4 a6 10. Bf1 d5 11. e5 Ne4 12. Nc3 Nxc3 13. bxc3 b5 14. axb5 axb5
15. Rxa8 Qxa8 16. Bg5 h6 17. Bxe7 Kxe7 18. Bxb5 Nxe5 19. Nxe5 Bxb5 20. Qg4 g5
21. h4 f5 22. Qg3 Rg8 23. hxg5 hxg5 24. Qh3 Rg7 25. Qh6 Qg8 26. Ra1 Kd6 27. Ra5
Be2 28. Rc5 Rc7 29. Rxc7 Kxc7 30. Qf6 Bc4 31. Qe7+ Kb8 32. Nd7+ Kc8 33. Nb6+
Kb8 34. Nd7+ Kc8 35. Nf6 Qd8 36. Qxe6+ Kb8 37. Qxf5 Qa5 38. Qe5+ Kc8 39. Qe8+
Kb7 40. Qe7+ Kc8 41. Ne8 Qb6 42. Nd6+ Kb8 43. Nxc4 dxc4 44. Qxg5 Qb1+ 45. Kh2
Qh7+ 46. Kg3 Qd3+ 47. Qe3 Qg6+ 48. Kf3 Qh5+ 49. g4 Qh3+ 50. Kf4 Qh2+ 51. Ke4
Qh7+ 52. Kf4 Qh2+ 53. Qg3 Qh6+ 54. g5 Qf8+ 55. Ke5 Qg8 56. d5 Qg7+ 57. Ke6+ Kc8
58. Qe3 Qg6+ 59. Ke5 Qg7+ 60. Kf4 Qf7+ 61. Kg4 Qxd5 62. g6 Qd7+ 63. Kg5 Qd8+
64. Kf5 1-0

[Event "Senior DM 2012"]
[Site "Randers"]
[Date "2012.02.12"]
[Round "2"]
[White "Larsen, Arne Walther"]
[Black "Davidsen, Niels Chr"]
[Result "0-1"]
[WhiteElo "1763"]
[BlackElo "2005"]
[PlyCount "70"]
[EventDate "2012.??.??"]

1. Nf3 c5 2. g3 Nc6 3. Bg2 d5 4. d3 e5 5. O-O Nf6 6. Nbd2 Bg4 7. h3 Bh5 8. c4
e4 9. Ne1 Nd4 10. g4 Nxg4 11. hxg4 Bxg4 12. f3 exd3 13. e3 Ne2+ 14. Qxe2 dxe2
15. Rf2 Be6 16. cxd5 Bxd5 17. Rxe2 Be7 18. e4 Bc6 19. Nb3 O-O 20. Be3 b6 21.
Rd2 Qc7 22. Rc1 Rad8 23. Nd3 Qb7 24. Ne5 Rxd2 25. Bxd2 Ba4 26. Bc3 Rd8 27. Ng4
Bg5 28. Re1 h5 29. Ne3 Bc6 30. Nf5 g6 31. Ne3 Qe7 32. Nd5 Qd6 33. f4 Bxd5 34.
fxg5 Bxb3 35. axb3 Qg3 0-1

[Event "Senior DM 2012"]
[Site "Randers"]
[Date "2012.02.12"]
[Round "2"]
[White "Haugaard, Thomas"]
[Black "Nielsen, Carl Evald"]
[Result "0-1"]
[WhiteElo "1456"]
[BlackElo "1775"]
[PlyCount "52"]
[EventDate "2012.??.??"]

1. d4 Nf6 2. c4 g6 3. g3 Bg7 4. Bg2 O-O 5. Nf3 d6 6. Nc3 Nc6 7. e4 Bg4 8. Be3
e5 9. d5 Nd4 10. Bxd4 exd4 11. Qxd4 Nxe4 12. Qd3 Nc5 13. Qc2 Re8+ 14. Kf1 Bf5
15. Qd2 Bd3+ 16. Kg1 Bxc4 17. Bf1 Bxf1 18. Kxf1 Qf6 19. Kg2 Ne4 20. Nxe4 Rxe4
21. Qc2 Re7 22. Rab1 Rae8 23. Rhe1 Rxe1 24. Nxe1 Qd4 25. Qb3 Qe4+ 26. Kg1 Qxb1
0-1

[Event "Senior DM 2012"]
[Site "Randers"]
[Date "2012.02.12"]
[Round "2"]
[White "Nielsen, Peter"]
[Black "Thorsen, Evald"]
[Result "1-0"]
[WhiteElo "1693"]
[BlackElo "1254"]
[PlyCount "55"]
[EventDate "2012.??.??"]

1. e4 e5 2. Nf3 d6 3. d4 exd4 4. Nxd4 a6 5. Bf4 Nf6 6. Nd2 Bd7 7. Bd3 Nc6 8. c3
Be7 9. h3 h6 10. g4 g5 11. Bg3 Nh7 12. Qe2 Bf6 13. Nf5 Bxf5 14. gxf5 Be5 15.
Nf3 Qe7 16. O-O-O O-O-O 17. Bxa6 bxa6 18. Qxa6+ Kd7 19. Nxe5+ Nxe5 20. Qb5+ Kc8
21. Rd4 c6 22. Qa5 Qc7 23. Qa6+ Qb7 24. Qa3 Kc7 25. Rhd1 Ra8 26. Qxd6+ Kc8 27.
Bxe5 Rxa2 28. Qd8+ 1-0

[Event "Senior DM 2012"]
[Site "Randers"]
[Date "2012.02.12"]
[Round "2"]
[White "Halberg, Per Gade"]
[Black "Andersen, Vagn Skov"]
[Result "0-1"]
[WhiteElo "1221"]
[BlackElo "1572"]
[PlyCount "42"]
[EventDate "2012.??.??"]

1. b4 e5 2. Bb2 d6 3. g3 Nf6 4. Bg2 g6 5. d3 Bg7 6. e3 c6 7. Ne2 O-O 8. O-O Qe7
9. e4 Na6 10. a3 Nc7 11. c4 Bg4 12. Nbc3 Qd7 13. Qc2 Bh3 14. Rfe1 Bxg2 15. Kxg2
Ne6 16. Bc1 Nh5 17. Be3 Nd4 18. Bxd4 exd4 19. Na2 f5 20. Rad1 f4 21. Kg1 f3 0-1

[Event "Senior DM 2012"]
[Site "Randers"]
[Date "2012.02.12"]
[Round "2"]
[White "Jensen, Ruben"]
[Black "Ottesen, Soren Ruud"]
[Result "0-1"]
[WhiteElo "1067"]
[BlackElo "1518"]
[PlyCount "64"]
[EventDate "2012.??.??"]

1. e4 c5 2. Nf3 d6 3. Nc3 Nc6 4. Bc4 e6 5. O-O Nf6 6. d4 cxd4 7. Nxd4 a6 8. Re1
Be7 9. Nf3 Qc7 10. a3 O-O 11. Qd3 Ng4 12. Bf4 Rd8 13. Ng5 Nce5 14. Bxe5 Nxe5
15. Qg3 Qxc4 16. Re3 h6 17. b3 Qc7 18. Nh3 Ng6 19. Nf4 Nxf4 20. Qxf4 Bg5 21.
Qg3 Bxe3 22. Qxe3 Bd7 23. Qg3 Rac8 24. Ne2 Qxc2 25. Re1 Qxe4 26. f3 Qe3+ 27.
Kf1 Bb5 28. Qf2 Qxf2+ 29. Kxf2 Rc2 30. a4 Rxe2+ 31. Rxe2 Bxe2 32. Kxe2 Rc8 0-1

[Event "Senior DM 2012"]
[Site "Randers"]
[Date "2012.02.13"]
[Round "3"]
[White "Madsen, Svend Aage"]
[Black "Hvenekilde, Jorgen"]
[Result "1/2-1/2"]
[WhiteElo "2082"]
[BlackElo "2029"]
[PlyCount "38"]
[EventDate "2012.??.??"]

1. e4 e5 2. Nf3 d6 3. d4 Nd7 4. Bc4 Be7 5. O-O c6 6. a4 h6 7. c3 Ngf6 8. Qe2
O-O 9. Rd1 Qc7 10. dxe5 dxe5 11. Nbd2 Nc5 12. b4 Ne6 13. Nf1 Re8 14. Ng3 Nf4
15. Qa2 Bf8 16. Nh4 Be6 17. Bxe6 Rxe6 18. Be3 Ng4 19. Ngf5 Nxe3 1/2-1/2

[Event "Senior DM 2012"]
[Site "Randers"]
[Date "2012.02.13"]
[Round "3"]
[White "Sorensen, Jorn Bach"]
[Black "Nielsen, Poul Erik (1948)"]
[Result "0-1"]
[WhiteElo "1980"]
[BlackElo "1987"]
[PlyCount "64"]
[EventDate "2012.??.??"]

1. Nf3 d5 2. c4 c6 3. e3 g6 4. d4 Bg7 5. Nc3 Nf6 6. Bd3 Nbd7 7. O-O O-O 8. Bd2
Re8 9. cxd5 cxd5 10. Qb3 e5 11. dxe5 Nxe5 12. Be2 Ne4 13. Nxe4 Nxf3+ 14. gxf3
dxe4 15. Rfd1 exf3 16. Bxf3 Qg5+ 17. Kh1 Qh4 18. Bd5 Be6 19. Be1 Bxd5+ 20. Qxd5
b6 21. Rab1 Rad8 22. Qc6 Rc8 23. Qb7 Qc4 24. Bc3 Bxc3 25. bxc3 Qxa2 26. Ra1 Qc4
27. Rxa7 Rcd8 28. Rda1 Re5 29. Ra8 Rxa8 30. Qxa8+ Kg7 31. Qa4 Qd5+ 32. Kg1 Rg5+
0-1

[Event "Senior DM 2012"]
[Site "Randers"]
[Date "2012.02.13"]
[Round "3"]
[White "Sorensen, Bent"]
[Black "Jorgensen, Jorgen (1945)"]
[Result "1/2-1/2"]
[WhiteElo "2299"]
[BlackElo "2182"]
[PlyCount "56"]
[EventDate "2012.??.??"]

1. Nf3 Nf6 2. g3 g6 3. b3 Bg7 4. Bb2 O-O 5. Bg2 c5 6. c4 Nc6 7. O-O d6 8. d4
cxd4 9. Nxd4 Bd7 10. Nc3 Rc8 11. Rc1 Qa5 12. e3 Rfe8 13. Re1 Bg4 14. f3 Bd7 15.
Re2 Bh6 16. Rcc2 Nxd4 17. Qxd4 Bc6 18. Nd1 Bg7 19. Bc3 Qa3 20. Nf2 Nh5 21. Qd2
Bxc3 22. Qxc3 Nf6 23. Nd3 a5 24. Qd4 b5 25. c5 Red8 26. e4 dxc5 27. Qxc5 Qxc5+
28. Nxc5 b4 1/2-1/2

[Event "Senior DM 2012"]
[Site "Randers"]
[Date "2012.02.13"]
[Round "3"]
[White "Grabow, Pouelsten Holm"]
[Black "Andersen, Carl Johan"]
[Result "1-0"]
[WhiteElo "2142"]
[BlackElo "1883"]
[PlyCount "61"]
[EventDate "2012.??.??"]

1. d4 Nf6 2. Nf3 e6 3. c4 Bb4+ 4. Bd2 Qe7 5. Nc3 O-O 6. e3 b6 7. Bd3 Bb7 8. Qc2
d5 9. cxd5 exd5 10. a3 Bxc3 11. Bxc3 Nbd7 12. O-O Rfe8 13. b4 c6 14. Rae1 Ne4
15. Bb2 a5 16. b5 c5 17. dxc5 Ndxc5 18. Nd4 Nxd3 19. Qxd3 Nc5 20. Qb1 Qe4 21.
Nf5 d4 22. Qxe4 Bxe4 23. Nd6 Nd3 24. Bxd4 Nxe1 25. Nxe8 Nc2 26. Nd6 Bd3 27. Rd1
Rd8 28. Nxf7 Rxd4 29. exd4 Bxb5 30. Ne5 Nxa3 31. d5 1-0

[Event "Senior DM 2012"]
[Site "Randers"]
[Date "2012.02.13"]
[Round "3"]
[White "Nielsen, Carl Evald"]
[Black "Christiansen, Jens Jorgen"]
[Result "0-1"]
[WhiteElo "1775"]
[BlackElo "2086"]
[PlyCount "107"]
[EventDate "2012.??.??"]

1. e4 c6 2. d4 d5 3. e5 Bf5 4. Nf3 e6 5. a3 c5 6. c4 Bxb1 7. Rxb1 Nc6 8. Qb3
Qb6 9. Qxb6 axb6 10. cxd5 exd5 11. Bb5 O-O-O 12. Be3 c4 13. O-O Na7 14. Ba4 b5
15. Bc2 g6 16. b4 Nc6 17. Ng5 Rd7 18. Bd1 h5 19. e6 fxe6 20. Nxe6 Bh6 21. Nc5
Re7 22. Bf3 Nf6 23. Bxh6 Rxh6 24. Rfe1 Rxe1+ 25. Rxe1 Nxd4 26. Bxd5 Nxd5 27.
Rd1 Ne2+ 28. Kf1 Ndc3 29. Rd6 Rh8 30. Ne6 Nc1 31. f3 Nd3 32. Rb6 Re8 33. g3 Na4
34. Rd6 c3 35. Nd4 Rd8 36. Rxd8+ Kxd8 37. Ke2 Ne5 38. Nxb5 Nxf3 39. Nxc3 Ng1+
40. Kd3 Nxc3 41. Kxc3 g5 42. Kd3 Nf3 43. h3 Ng1 44. h4 gxh4 45. gxh4 Nf3 46.
Ke3 Nxh4 47. Ke4 Ng6 48. a4 Ke7 49. Kd4 h4 50. Ke3 h3 51. Kf2 Ne5 52. Kg3 Nd3
53. Kxh3 Nxb4 54. Kg4 0-1